01074nam a2200241Ia 4500001000600000003000900006008004100015040001300056040001300069041001300082100002400095100002900119245007600148245007700224250001100301260001200312260003300324260004900357300004300406500032100449650003100770650003100801 1733IT-RoPAU130308s9999 xx 000 0 und d aIT-RoPAU cIT-RoPAU aITALIANO aDa Silva Antonio F. gCodice Aut. SPICS: 11734 aCammino degli esercizi spirituali nel pensiero di don G. Alberione (Il) bCammino degli Esercizi spirituali nel pensiero di Don G. Alberione (Il) a1a ed. aARICCIA bCentro Spiritualita' Paolina c1981 [1° Ed.:1981 - Ed.Ling.Originale:1981] a"168 p. (prefazione: no ; testo: 168)" aRicerca Sulle Fonti della Spiritualità della Famiglia Paolina a partire dal Mese di Esercizi spirituali 1960 Don Alberione e I Manuali di Spiritualità Sulle Orme di S. Ignazio e di S. Pier Giuliano Eymard Metodo Paolino di Esercizi spirituali Alberione e L'Influsso del canonico Chiesa Cristo via Verità e Vita aSTUDI SU GIACOMO ALBERIONE eCodice materia Spics: 9902